| 000 | 01124nam a2200313 4500 | ||
|---|---|---|---|
| 003 | OSt | ||
| 005 | 20260530115311.0 | ||
| 008 | 260430b2008 gw a|||| |||| 00| 0 eng d | ||
| 020 | _a9783822840320 | ||
| 040 |
_aICI _bspa _cICI |
||
| 041 | _aeng | ||
| 050 | 1 | 4 |
_aTS195.4 _bP3215 |
| 100 | 1 |
_aGisela Kosak Julius Wiedermann _932793 |
|
| 245 | 1 | 0 |
_aPackage design now! / _ceditors, Gisela Kozak and Julius Wiedemann ; German translation, Wolfgang Beuchelt, Katrin Kugler, Brigitte Russman ; french translation, Aurelie Daniel |
| 264 | 1 |
_aKöln : _bTaschen, _c2008 |
|
| 300 |
_a414 páginas : _bilustraciones |
||
| 336 |
_atexto _2rdacontent |
||
| 337 |
_asin medio _2rdamedia |
||
| 338 |
_avolumen _2rdacarrier |
||
| 500 | _aTexto en inglés, francés y alemán | ||
| 650 | 1 | 4 |
_aEnvasado _xDiseño |
| 700 | 1 |
_aKozak, Gisela, _eeditor _932795 |
|
| 700 | 1 |
_aWiedemann, Julius, _eeditor |
|
| 700 | 1 |
_aBeuchelt, Wolfgang, _etraductor _932797 |
|
| 700 | 1 |
_aKugler, Katrin, _etraductor _932798 |
|
| 700 | 1 |
_aRussman, Brigitte, _etraductor _932799 |
|
| 700 | 1 |
_aDaniel, Aurelie, _etraductor _932800 |
|
| 942 |
_2lcc _cBK _n1 |
||
| 999 |
_c13348 _d13348 |
||